00418pab a2200145 454500008004000000100001800040245009200058260000900150300001500159362001200174650002400186650001800210650001000228773003400238180718b2017 xxu||||| |||| 00| 0 eng d aAnoopkumar M. aThe performance of India's plantation agriculture and the decisive role of price factor c2017 ap.265-290. aJul-Sep aAgriculture - India aCrops - India aCrops aSocial Science in Perspective